[Event "Druzynowe Mistrzostwa Polski Juniorow - Ekstraliga"]
[Site "Centrum Wypoczynkowo-Szkoleniowe Gwarek, Ustron"]
[Date "1899-12-30"]
[Round "4.27"]
[White "Kowalski, Igor"]
[Black "Kosakowski, Jakub"]
[Result "0-1"]
[WhiteTitle "k"]
[BlackTitle "k"]
[WhiteElo "2146"]
[BlackElo "2149"]

1. d4 Nf6 2. c4 g6 3. Nc3 d5 4. Nf3 Bg7 5. Qb3 dxc4 6. Qxc4 O-O 7. e4 a6 8. Be2
b5 9. Qb3 c5 10. dxc5 Be6 11. Qc2 Nc6 12. Bg5 Qc7 13. O-O h6 14. Bxf6 Bxf6 15.
Nd5 Bxd5 16. exd5 Nb4 17. Qb3 Qxc5 18. Rac1 Qd6 19. Rfd1 Rad8 20. a4 bxa4 21.
Qxa4 Nxd5 22. Bc4 Qf4 23. Qa5 e6 24. b3 Rc8 25. Rc2 Kg7 26. h3 Rfd8 27. Rdc1 g5
28. Bf1 Qxc1 29. Rxc1 Rxc1 30. Qxa6 Nb4 31. Qa3 Rdd1 32. Nh2 Nd3 33. Qa7 Nxf2
0-1

[Event "Druzynowe Mistrzostwa Polski Juniorow - Ekstraliga"]
[Site "Centrum Wypoczynkowo-Szkoleniowe Gwarek, Ustron"]
[Date "1899-12-30"]
[Round "4.28"]
[White "Filewicz, Radoslaw"]
[Black "Pacan-milej, Kosma"]
[Result "1/2-1/2"]
[WhiteTitle "I"]
[BlackTitle "I"]
[WhiteElo "1773"]
[BlackElo "1851"]

1. d4 Nf6 2. Nf3 e6 3. g3 d5 4. Bg2 Be7 5. O-O O-O 6. c4 dxc4 7. Ne5 c5 8. dxc5
Qc7 9. Nxc4 Qxc5 10. Qb3 Nc6 11. Be3 Qh5 12. Nbd2 Ng4 13. Nf3 Nxe3 14. Nxe3 a5
15. a3 a4 16. Qc2 Qg6 17. Rac1 Qxc2 18. Rxc2 Ra5 19. Nc4 Rb5 20. Rd1 e5 21. e4
Be6 22. Bf1 Rc5 23. h3 Rc8 24. Ne3 Rxc2 25. Nxc2 Bb3 26. Rd2 Rd8 27. Rxd8+ Bxd8
28. Ne3 Bb6 29. Nd5 Bc5 30. Bb5 Nd4 31. Nxd4 Bxd4 32. Nc3 Kf8 33. Kf1 Ke7 34.
Bxa4 Bxc3 35. Bxb3 Bxb2 36. Bd5 Bxa3 37. Bxb7 Bc5 38. Ke2 Kd6 39. Bd5 f6 40. Bg8
h6 1/2-1/2

[Event "Druzynowe Mistrzostwa Polski Juniorow - Ekstraliga"]
[Site "Centrum Wypoczynkowo-Szkoleniowe Gwarek, Ustron"]
[Date "1899-12-30"]
[Round "4.29"]
[White "Pastuszko, Kinga"]
[Black "Rudnik, Anna"]
[Result "1-0"]
[WhiteTitle "k"]
[BlackTitle "I++"]
[WhiteElo "1877"]
[BlackElo "1807"]

1. e4 e5 2. Nf3 Nc6 3. Bc4 Bc5 4. c3 Nf6 5. d3 d6 6. Nbd2 O-O 7. Nf1 Bb6 8. Bb3
h6 9. h3 Re8 10. Ng3 d5 11. exd5 Nxd5 12. O-O Be6 13. Re1 f6 14. d4 Bf7 15. dxe5
Nxe5 16. Nxe5 Rxe5 17. Rxe5 fxe5 18. Nf5 Qf6 19. Qf3 Kf8 20. Bxd5 Bxd5 21. Qxd5
Qxf5 22. Be3 c6 23. Qb3 c5 24. Qd5 Rc8 25. Qxb7 e4 26. Rd1 Rc7 27. Qb8+ Kf7 28.
Rd8 Kg6 29. Rd6+ Kh7 30. Rxb6 Qd7 31. Rb3 c4 32. Rb4 Qd1+ 33. Kh2 Qd6+ 34. g3
Qe7 35. Qb5 Qe6 36. Ra4 Qf7 37. Ra5 g6 38. Qe5 Rd7 39. Bd4 Rxd4 40. Qxd4 e3 41.
Rxa7 1-0

[Event "Druzynowe Mistrzostwa Polski Juniorow - Ekstraliga"]
[Site "Centrum Wypoczynkowo-Szkoleniowe Gwarek, Ustron"]
[Date "1899-12-30"]
[Round "4.30"]
[White "Kalinowska, Zuzanna"]
[Black "Kaczmarska, Joanna"]
[Result "0-1"]
[WhiteTitle "k"]
[BlackTitle "k"]
[WhiteElo "1913"]
[BlackElo "1876"]

1. d4 f5 2. Nf3 g6 3. e3 Nf6 4. b3 Bg7 5. Bb2 O-O 6. Be2 e6 7. c4 d6 8. Nc3 h6
9. Qc2 d5 10. Ne5 Kh7 11. h4 Nbd7 12. Ba3 c5 13. Nd3 Ne4 14. Bxc5 Ndxc5 15. Nxc5
Nxc5 16. dxc5 Qa5 17. Rc1 dxc4 18. Bxc4 Qxc5 19. Ne2 b5 20. Bd3 Qb4+ 21. Qd2 Qa3
22. Bxb5 Bb7 23. O-O Rfd8 24. Nd4 e5 25. Rc7 Bd5 26. Bc6 exd4 27. Qxd4 Qf8 28.
Bxd5 Rac8 29. Rxc8 Bxd4 30. Rxd8 Qxd8 31. exd4 Qxd5 32. Rd1 Kg7 33. f3 Kf7 34.
Kf2 Qa5 35. a4 Qc3 36. d5 Qc2+ 37. Ke1 Ke7 38. d6+ Kd7 0-1

[Event "Druzynowe Mistrzostwa Polski Juniorow - Ekstraliga"]
[Site "Centrum Wypoczynkowo-Szkoleniowe Gwarek, Ustron"]
[Date "1899-12-30"]
[Round "5.1"]
[White "Kiolbasa, Oliwia"]
[Black "Lewtak, Dominik"]
[Result "1/2-1/2"]
[WhiteTitle "WFM"]
[BlackTitle "k"]
[WhiteElo "2210"]
[BlackElo "2151"]

1. e4 c5 2. Nf3 Nc6 3. d4 cxd4 4. Nxd4 Nf6 5. Nc3 d6 6. Bg5 e6 7. Qd2 Be7 8. O-O-O
Nxd4 9. Qxd4 O-O 10. f3 Qa5 11. h4 Rd8 12. g4 a6 13. Kb1 Bd7 14. Qd2 Qc7 15. h5
Bc6 16. Bd3 b5 17. Rdg1 Rac8 18. Ne2 e5 19. Bxf6 Bxf6 20. g5 Be7 21. Nc3 Rf8 22.
Nd5 Bxd5 23. exd5 f5 24. gxf6 Rxf6 25. Qg2 Bf8 26. Qg4 Rb8 27. Bf5 Kh8 28. Qg5
Qf7 29. Be6 Qe7 30. Rh4 Rxf3 31. Qg2 Qxh4 32. Qxf3 Be7 33. Rf1 Bf6 34. a3 a5 35.
Qc3 Qc4 36. Qxc4 bxc4 37. c3 Rf8 38. Kc2 g6 39. hxg6 hxg6 40. Rg1 Kg7 41. Rg4
g5 42. Rxc4 Be7 43. Ra4 1/2-1/2

[Event "Druzynowe Mistrzostwa Polski Juniorow - Ekstraliga"]
[Site "Centrum Wypoczynkowo-Szkoleniowe Gwarek, Ustron"]
[Date "1899-12-30"]
[Round "5.2"]
[White "Psyk, Radoslaw"]
[Black "Szostko, Jakub"]
[Result "1/2-1/2"]
[WhiteTitle "k"]
[BlackTitle "FM"]
[WhiteElo "2128"]
[BlackElo "2319"]

1. e4 c6 2. d4 d5 3. Nc3 dxe4 4. Nxe4 Bf5 5. Ng3 Bg6 6. Nf3 Nd7 7. Bd3 Ngf6 8.
O-O e6 9. c3 Be7 10. Re1 O-O 11. Bxg6 hxg6 12. Qe2 Qc7 13. Bd2 Rad8 14. Rad1 Rfe8
15. c4 c5 16. dxc5 Nxc5 17. Bc3 Rxd1 18. Rxd1 Rd8 19. b3 Rxd1+ 20. Qxd1 Nce4 21.
Nxe4 Nxe4 22. Qd4 Nxc3 23. Qxc3 Bf6 24. Qc2 a5 25. g3 Kf8 26. Nd2 Ke7 27. Ne4
Bd4 28. Qd2 Qe5 29. Ng5 Bc3 30. Qd3 Qxg5 31. Qxc3 Qf5 32. a3 b6 33. Qe3 g5 34.
Qxb6 Qb1+ 35. Kg2 Qe4+ 36. Kg1 Qe1+ 37. Kg2 Qe4+ 38. Kf1 Qb1+ 39. Kg2 Qe4+ 1/2-1/2

[Event "Druzynowe Mistrzostwa Polski Juniorow - Ekstraliga"]
[Site "Centrum Wypoczynkowo-Szkoleniowe Gwarek, Ustron"]
[Date "1899-12-30"]
[Round "5.3"]
[White "Kosakowski, Jakub"]
[Black "Gaj, Szymon"]
[Result "1-0"]
[WhiteTitle "k"]
[BlackTitle "I"]
[WhiteElo "2149"]
[BlackElo "1821"]

1. e4 c5 2. Nf3 d6 3. d4 cxd4 4. Nxd4 Nf6 5. Nc3 g6 6. Be3 Bg7 7. f3 O-O 8. Qd2
Nc6 9. Bc4 Bd7 10. O-O-O Rc8 11. Bb3 Nxd4 12. Bxd4 b5 13. Nd5 Nxd5 14. Bxg7 Kxg7
15. exd5 a5 16. a3 Qb6 17. Rhe1 Rfe8 18. g4 Rc5 19. Re4 Bc8 20. h4 Qc7 21. h5
a4 22. Ba2 Rh8 23. Rde1 Kf8 24. Qe2 e6 25. dxe6 d5 26. exf7 dxe4 27. Qxe4 Qd8
28. h6 Bd7 29. Qd4 Rxc2+ 30. Kxc2 Bf5+ 31. gxf5 Qxd4 32. Re8# 1-0

[Event "Druzynowe Mistrzostwa Polski Juniorow - Ekstraliga"]
[Site "Centrum Wypoczynkowo-Szkoleniowe Gwarek, Ustron"]
[Date "1899-12-30"]
[Round "5.4"]
[White "Mis, Mieszko"]
[Black "Filewicz, Radoslaw"]
[Result "1/2-1/2"]
[WhiteTitle "I"]
[BlackTitle "I"]
[WhiteElo "1806"]
[BlackElo "1773"]

1. e4 d5 2. exd5 Qxd5 3. Nc3 Qd8 4. d4 Nf6 5. Nf3 Bg4 6. h3 Bxf3 7. Qxf3 c6 8.
Ne2 Nbd7 9. g4 Qa5+ 10. Bd2 Qd5 11. Bg2 Qxf3 12. Bxf3 h6 13. O-O-O e5 14. Rhe1
O-O-O 15. Bc3 e4 16. Bg2 Bd6 17. Bd2 Nb6 18. Nc3 Nc4 19. Bxe4 Nxd2 20. Kxd2 Bc5
21. Ke3 Bb6 22. Na4 Nxe4 23. Nxb6+ axb6 24. Kxe4 Rhe8+ 25. Kd3 Kc7 26. Re3 Rxd4+
27. Kxd4 Rd8+ 28. Kc3 Rxd1 29. Re7+ Rd7 30. Rxd7+ Kxd7 31. a4 Kd6 32. Kd4 f6 33.
f4 g6 34. h4 Ke6 35. Ke4 c5 36. f5+ gxf5+ 37. gxf5+ Kd6 38. c3 h5 39. b3 Kc6 40.
b4 cxb4 41. cxb4 Kd6 42. Kd4 Kc6 43. Kc4 Kd6 44. Kd4 Kc6 45. Kc4 Kd6 46. Kb5 Kc7
47. a5 bxa5 48. bxa5 Kd7 49. Kb6 Kc8 50. Kc5 Kc7 51. Kd5 Kd7 52. Kc5 Kc7 53. Kb5
Kd7 54. Kb6 Kc8 55. Kb5 1/2-1/2

[Event "Druzynowe Mistrzostwa Polski Juniorow - Ekstraliga"]
[Site "Centrum Wypoczynkowo-Szkoleniowe Gwarek, Ustron"]
[Date "1899-12-30"]
[Round "5.6"]
[White "Swiech, Joanna"]
[Black "Kalinowska, Zuzanna"]
[Result "0-1"]
[WhiteTitle "I++"]
[BlackTitle "k"]
[WhiteElo "1798"]
[BlackElo "1913"]

1. d4 Nf6 2. c4 e6 3. Nf3 Bb4+ 4. Nbd2 c5 5. e3 O-O 6. g3 b6 7. Bg2 Bb7 8. O-O
Qc7 9. Qc2 cxd4 10. Nxd4 Bxg2 11. Kxg2 Nc6 12. b3 Nxd4 13. exd4 d5 14. a3 Be7
15. Bb2 Rac8 16. Rac1 dxc4 17. bxc4 Qb7+ 18. Kg1 Rfd8 19. Rfd1 Ne8 20. Ne4 f5
21. Nd2 Bf6 22. Nf1 Nd6 23. Qe2 Qe4 24. Qxe4 Nxe4 25. Ne3 Rc7 26. f3 Nd6 27. Rc2
g6 28. Kf1 Kf8 29. Ke2 Ke7 30. a4 Nb7 31. Bc3 Rcd7 32. Rcd2 Kf7 33. Kf1 Bg5 34.
f4 Bf6 35. Bb2 Nc5 36. Ke2 Nxa4 37. Ba1 Nc5 38. dxc5 Rxd2+ 39. Rxd2 Rxd2+ 40.
Kxd2 Bxa1 41. cxb6 axb6 42. Nc2 Bf6 43. Ne1 h6 44. Nf3 g5 45. Kd3 g4 46. Ne1 Be7
47. Ke2 Bc5 48. Kf1 Kf6 49. Nd3 Bd4 50. Nb4 e5 51. Nd5+ Ke6 52. Ke2 e4 53. Kf1
Kd6 54. Ke2 b5 55. Nb4 bxc4 56. Nc2 Kc5 57. Kf1 c3 58. Ke2 Kc4 59. Na3+ Kb3 60.
Nb5 Bc5 0-1

[Event "Druzynowe Mistrzostwa Polski Juniorow - Ekstraliga"]
[Site "Centrum Wypoczynkowo-Szkoleniowe Gwarek, Ustron"]
[Date "1899-12-30"]
[Round "5.7"]
[White "Koziol, Kamil"]
[Black "Chomczyk, Marek"]
[Result "1-0"]
[WhiteTitle "k"]
[BlackTitle "k"]
[WhiteElo "2132"]
[BlackElo "2165"]

1. e4 e5 2. Nf3 Nc6 3. Bb5 a6 4. Bxc6 dxc6 5. O-O Ne7 6. Nxe5 Qd4 7. Qh5 g6 8.
Qg5 Bg7 9. Nd3 f5 10. e5 Be6 11. b3 h6 12. Qg3 Qxa1 13. Nc3 O-O-O 14. Ba3 Qxf1+
15. Kxf1 Rde8 16. Bxe7 Rxe7 17. Qxg6 Rg8 18. Qh5 Bf8 19. f4 Kb8 20. Ne2 Ka7 21.
Nd4 Bf7 22. Qxf5 Bg6 23. Qh3 Bg7 24. Qe3 Bxd3+ 25. cxd3 Kb8 26. Nf5 Rf7 27. Nxg7
Rfxg7 28. e6 Rxg2 29. e7 1-0

[Event "Druzynowe Mistrzostwa Polski Juniorow - Ekstraliga"]
[Site "Centrum Wypoczynkowo-Szkoleniowe Gwarek, Ustron"]
[Date "1899-12-30"]
[Round "5.8"]
[White "Nowak, Lukasz"]
[Black "Tomaszewski, Kacper"]
[Result "1/2-1/2"]
[WhiteTitle "k"]
[BlackTitle "k"]
[WhiteElo "2116"]
[BlackElo "2207"]

1. e4 c6 2. d4 d5 3. Nd2 dxe4 4. Nxe4 Bf5 5. Ng3 Bg6 6. h4 h6 7. Nf3 Nd7 8. h5
Bh7 9. Bd3 Bxd3 10. Qxd3 e6 11. Bd2 Ngf6 12. O-O-O Be7 13. Kb1 O-O 14. Ne4 Nxe4
15. Qxe4 Nf6 16. Qe2 Qd5 17. Be3 Qb5 18. c4 Qf5+ 19. Ka1 c5 20. Nh4 Qh7 21. d5
exd5 22. cxd5 Rfd8 23. g4 Nxd5 24. Nf5 Bf6 25. Bxc5 Nf4 26. Qf3 Ne6 27. Be7 Bxe7
28. Nxe7+ Kh8 29. Qxf7 Rxd1+ 30. Rxd1 Qc2 31. Re1 Rd8 32. a3 Nd4 33. Ng6+ Kh7
34. Nf8+ Kh8 35. Ng6+ Kh7 36. Nf8+ Kh8 37. Ka2 Ne2 38. Ng6+ Kh7 39. Nf8+ Kh8 40.
Ng6+ Kh7 41. Nf8+ 1/2-1/2

[Event "Druzynowe Mistrzostwa Polski Juniorow - Ekstraliga"]
[Site "Centrum Wypoczynkowo-Szkoleniowe Gwarek, Ustron"]
[Date "1899-12-30"]
[Round "5.9"]
[White "Posluszny, Tomasz"]
[Black "Kowalski, Igor"]
[Result "0-1"]
[WhiteTitle "II"]
[BlackTitle "k"]
[WhiteElo "1440"]
[BlackElo "2146"]

1. d4 Nf6 2. c4 e6 3. a3 b6 4. Nc3 Bb7 5. f3 d5 6. cxd5 exd5 7. Bg5 Be7 8. e3 Nbd7
9. Bd3 Nh5 10. f4 g6 11. Bh6 Bd6 12. g3 Qe7 13. Qe2 Nhf6 14. Bg7 Rg8 15. Bxf6
Nxf6 16. Nf3 Ne4 17. Bxe4 dxe4 18. Ne5 a6 19. Qc4 b5 20. Qb3 Rf8 21. Rc1 f6 22.
Ng4 Qf7 23. d5 Qd7 24. Nf2 f5 25. Ke2 Ke7 26. Rcg1 a5 27. g4 b4 28. Nb1 Ba6+ 29.
Ke1 Qb5 30. Qc2 Qxd5 31. Qd2 Qa2 32. Qc1 bxa3 33. Nxa3 Bb4+ 0-1

[Event "Druzynowe Mistrzostwa Polski Juniorow - Ekstraliga"]
[Site "Centrum Wypoczynkowo-Szkoleniowe Gwarek, Ustron"]
[Date "1899-12-30"]
[Round "5.10"]
[White "Pacan-milej, Kosma"]
[Black "Grochol, Kamil"]
[Result "1-0"]
[WhiteTitle "I"]
[BlackTitle "II"]
[WhiteElo "1851"]
[BlackElo "1402"]

1. d4 d5 2. c4 e6 3. cxd5 exd5 4. Nc3 Nf6 5. Bg5 Nbd7 6. e3 Be7 7. Bd3 c6 8. Qc2
Nh5 9. Bxe7 Qxe7 10. Nge2 g6 11. O-O O-O 12. Rae1 Nb6 13. Nc1 Be6 14. Nb3 Ng7
15. f3 Rad8 16. Qf2 Qc7 17. Ne2 Rfe8 18. Ng3 Re7 19. h4 h5 20. Nc5 Ne8 21. Ne2
Nd7 22. Nxe6 Rxe6 23. Nf4 Rf6 24. Qg3 Kh8 25. Qg5 Ng7 26. Qh6+ Kg8 27. g4 hxg4
28. fxg4 Re8 29. h5 Nf8 30. hxg6 fxg6 31. Nxg6 Qg3+ 32. Kh1 Rxe3 33. Qh8+ Kf7
34. Qxf8+ 1-0

[Event "Druzynowe Mistrzostwa Polski Juniorow - Ekstraliga"]
[Site "Centrum Wypoczynkowo-Szkoleniowe Gwarek, Ustron"]
[Date "1899-12-30"]
[Round "5.11"]
[White "Cieslak, Wiktoria"]
[Black "Pastuszko, Kinga"]
[Result "1/2-1/2"]
[WhiteTitle "k"]
[BlackTitle "k"]
[WhiteElo "1795"]
[BlackElo "1877"]

1. e4 c5 2. Nf3 d6 3. d4 cxd4 4. Nxd4 Nf6 5. Nc3 a6 6. Bg5 e6 7. f4 h6 8. Bh4 Qb6
9. a3 Be7 10. Bf2 Qc7 11. Bd3 Nbd7 12. O-O Nc5 13. Kh1 O-O 14. Qf3 e5 15. fxe5
dxe5 16. Nf5 Bxf5 17. Qxf5 Nxd3 18. cxd3 Rad8 19. Bg3 Rxd3 20. Bxe5 Qd7 21. Nd5
Qd8 22. Nxf6+ Bxf6 23. Bxf6 Qxf6 24. Qxf6 gxf6 25. Rxf6 Re8 26. Rxh6 Rb3 27. Rh4
Rxb2 28. h3 Re2 29. Rb1 R2xe4 30. Rxe4 Rxe4 31. Rxb7 Re3 32. a4 Re4 33. a5 Re5
34. Ra7 Rxa5 35. Kh2 Ra3 36. h4 Kg7 37. h5 Ra5 38. Kg3 Rxh5 39. Rxa6 Rb5 40. Ra4
Kg6 41. Kf3 Rc5 42. Rg4+ Rg5 43. Kf4 Rxg4+ 44. Kxg4 f5+ 45. Kf4 Kf6 46. g4 fxg4
47. Kxg4 Ke5 1/2-1/2

[Event "Druzynowe Mistrzostwa Polski Juniorow - Ekstraliga"]
[Site "Centrum Wypoczynkowo-Szkoleniowe Gwarek, Ustron"]
[Date "1899-12-30"]
[Round "5.12"]
[White "Kaczmarska, Joanna"]
[Black "Guzik, Natalia"]
[Result "1-0"]
[WhiteTitle "k"]
[BlackTitle "I++"]
[WhiteElo "1876"]
[BlackElo "1722"]

1. d4 d5 2. c4 e6 3. Nc3 Be7 4. Bf4 Nf6 5. e3 O-O 6. Rc1 Nbd7 7. cxd5 exd5 8. Bd3
c6 9. Qc2 Re8 10. Nge2 h6 11. O-O Nh5 12. Nxd5 Nxf4 13. Ndxf4 Bd6 14. e4 Bxf4
15. Nxf4 Qg5 16. Ne2 Nf6 17. f4 Qh4 18. g3 Qh5 19. f5 Ng4 20. Nf4 Qg5 21. Rf3
Rd8 22. Qc3 Bd7 23. e5 c5 24. d5 c4 25. Bb1 Qe7 26. Re1 Qc5+ 27. Kg2 f6 28. e6
Be8 29. h3 Ne5 30. Rfe3 b5 31. Rxe5 fxe5 32. Qxe5 Qd6 33. Qe4 Rac8 34. f6 g6 35.
Nxg6 1-0

[Event "Druzynowe Mistrzostwa Polski Juniorow - Ekstraliga"]
[Site "Centrum Wypoczynkowo-Szkoleniowe Gwarek, Ustron"]
[Date "1899-12-30"]
[Round "5.13"]
[White "Grela, Kacper"]
[Black "Jarmula, Lukasz"]
[Result "1/2-1/2"]
[WhiteTitle "k"]
[BlackTitle "FM"]
[WhiteElo "2294"]
[BlackElo "2395"]

1. e4 c5 2. Nf3 d6 3. d4 cxd4 4. Nxd4 Nf6 5. Nc3 a6 6. Bg5 e6 7. f4 h6 8. Bh4 Qb6
9. a3 Be7 10. Bf2 Qc7 11. Qe2 Nbd7 12. g4 g5 13. f5 Ne5 14. Rg1 Bd7 15. h4 O-O-O
16. O-O-O Rdg8 17. Kb1 Kb8 18. Na2 gxh4 19. Bxh4 Bc8 20. g5 hxg5 21. Bxg5 Nxe4
22. Qxe4 Rxg5 23. Rxg5 Bxg5 24. Nb4 Rh4 25. Qg2 Rg4 26. Qe2 exf5 27. Bh3 Re4 28.
Qh5 Rh4 29. Qxg5 Rxh3 30. Nxf5 Bxf5 31. Qxf5 Rf3 32. Qg5 Rf2 33. Qh4 Re2 34. Qh7
Rf2 35. Nd5 Qc5 36. Nc3 Rg2 37. Qh1 Qf2 38. Rc1 Ka7 39. Ne4 Qe2 40. Qh7 Rg6 41.
Nc3 Qf2 42. Qh8 Rg1 43. Rxg1 Qxg1+ 44. Ka2 Qc1 45. Qc8 Qf4 46. Qd8 Nc6 47. Qd7
f5 48. Qe6 Qe5 49. Qc4 f4 50. Nd5 Qd4 51. Qxd4+ Nxd4 52. Nxf4 Nxc2 53. Kb3 Ne3
54. Kc3 Nf5 55. Kc4 Ne7 56. a4 Kb6 57. b4 Kc6 58. b5+ Kb6 59. Kb4 a5+ 60. Kc4
Kc7 61. Kd4 Nf5+ 62. Ke4 Ne7 63. Kd4 Kd7 64. Ke4 Ng8 65. Nd5 Nh6 66. Nb6+ Ke6
67. Kd3 Nf7 68. Ke4 Ng5+ 69. Kf4 Nh3+ 70. Kg3 Ng5 71. Kf4 Nh3+ 1/2-1/2

[Event "Druzynowe Mistrzostwa Polski Juniorow - Ekstraliga"]
[Site "Centrum Wypoczynkowo-Szkoleniowe Gwarek, Ustron"]
[Date "1899-12-30"]
[Round "5.14"]
[White "Mucha, Piotr"]
[Black "Kulas, Szymon"]
[Result "0-1"]
[WhiteTitle "k"]
[BlackTitle "k"]
[WhiteElo "2215"]
[BlackElo "2243"]

1. e4 e6 2. d4 d5 3. Nd2 c5 4. exd5 Qxd5 5. dxc5 Bxc5 6. Ngf3 Nf6 7. Bc4 Qc6 8.
O-O Nbd7 9. Qe2 O-O 10. Nb3 e5 11. Nxc5 Qxc5 12. Be3 Qc7 13. Bb3 e4 14. Nd2 b6
15. f3 exf3 16. Qxf3 Ba6 17. Rf2 Rae8 18. Bd4 Re7 19. c4 Ne5 20. Qg3 Rd8 21. Bc3
Qc5 22. Re1 Neg4 23. Rxe7 Nxf2 24. Qxf2 Qxe7 25. Bc2 Ng4 26. Bxh7+ Kh8 27. Qf4
Qc5+ 28. Kf1 Ne3+ 29. Ke2 Qh5+ 30. Kxe3 Kxh7 31. Ne4 Kg8 32. Kf2 Qg6 33. h4 Re8
34. Ng3 f6 35. Nf5 Bc8 36. Nd6 Rd8 37. Ne4 Qf5 38. Ke3 Rd3+ 0-1

[Event "Druzynowe Mistrzostwa Polski Juniorow - Ekstraliga"]
[Site "Centrum Wypoczynkowo-Szkoleniowe Gwarek, Ustron"]
[Date "1899-12-30"]
[Round "5.15"]
[White "Gumularz, Szymon"]
[Black "Gazik, Viktor"]
[Result "0-1"]
[WhiteTitle "I++"]
[BlackTitle "FM"]
[WhiteElo "2284"]
[BlackElo "2434"]

1. Nf3 f5 2. g3 Nf6 3. Bg2 d6 4. d4 g6 5. O-O Bg7 6. c4 O-O 7. Nc3 c6 8. Rb1 Na6
9. b4 Nc7 10. a4 Be6 11. Qd3 h6 12. Nd2 Qd7 13. b5 g5 14. d5 cxd5 15. cxd5 Bf7
16. Nc4 Ng4 17. b6 Na6 18. bxa7 Nc5 19. Qc2 Rxa7 20. Nb5 Ra6 21. a5 Ne5 22. Nb6
Qd8 23. f4 gxf4 24. gxf4 Ng6 25. Nc4 Nh4 26. Bh1 Kh7 27. Be3 Ne4 28. Bxe4 fxe4
29. Qd2 Qc8 30. Bf2 Rg8 31. Kh1 Qxc4 32. Bxh4 e3 33. Qxe3 Bxd5+ 34. Rf3 Rxa5 35.
Na3 Rxa3 0-1

[Event "Druzynowe Mistrzostwa Polski Juniorow - Ekstraliga"]
[Site "Centrum Wypoczynkowo-Szkoleniowe Gwarek, Ustron"]
[Date "1899-12-30"]
[Round "5.16"]
[White "Lis, Mateusz"]
[Black "Czopor, Maciej"]
[Result "0-1"]
[WhiteTitle "I"]
[BlackTitle "I+"]
[WhiteElo "1839"]
[BlackElo "1791"]

1. e4 c5 2. Nf3 e6 3. d4 cxd4 4. Nxd4 Nf6 5. Nc3 d6 6. Be2 a6 7. a4 Nc6 8. O-O
Be7 9. Be3 O-O 10. f4 Qc7 11. Kh1 Nxd4 12. Bxd4 e5 13. Be3 exf4 14. Bxf4 Be6 15.
Nd5 Bxd5 16. exd5 Nd7 17. c3 Bf6 18. Bd3 g6 19. Qf3 Bg7 20. Rac1 Ne5 21. Bxe5
Bxe5 22. Be2 f5 23. b4 a5 24. bxa5 Qxa5 25. Bb5 Rac8 26. c4 Qc7 27. Rfd1 Qc5 28.
Re1 Rc7 29. Rcd1 Re7 30. Qb3 g5 31. Qe3 Qxe3 32. Rxe3 f4 33. Re4 Rc7 34. h3 h5
35. Rc1 Rfc8 36. Rd1 Kg7 37. a5 Kf6 38. a6 bxa6 39. Bxa6 Rb8 40. Bb5 Kf5 41. Re2
g4 42. Bc6 gxh3 43. gxh3 Rb3 44. c5 Rxh3+ 45. Kg2 Rg3+ 46. Kf2 Rcg7 47. Rxe5+
Kxe5 48. Re1+ Re3 0-1

[Event "Druzynowe Mistrzostwa Polski Juniorow - Ekstraliga"]
[Site "Centrum Wypoczynkowo-Szkoleniowe Gwarek, Ustron"]
[Date "1899-12-30"]
[Round "5.17"]
[White "Dadello, Aleksandra"]
[Black "Gazikova, Veronika"]
[Result "1-0"]
[WhiteTitle "I++"]
[BlackTitle "WFM"]
[WhiteElo "2068"]
[BlackElo "2263"]

1. e4 c5 2. Nf3 e6 3. d4 cxd4 4. Nxd4 Nf6 5. Nc3 Bb4 6. e5 Nd5 7. Qg4 g6 8. Ndb5
Nc6 9. Qg3 Nxc3 10. bxc3 Be7 11. Bh6 Qa5 12. Qe3 f5 13. Be2 Kf7 14. O-O b6 15.
Rfd1 a6 16. Nd6+ Bxd6 17. exd6 Rb8 18. Bf4 Bb7 19. Bf3 Nd8 20. Be5 Rf8 21. Re1
Bxf3 22. Qh6 Nc6 23. Qxh7+ Ke8 24. Bg7 Bh5 25. Bxf8 Kxf8 26. Qxd7 Qd5 27. Rxe6
Rd8 28. Rf6+ Kg8 29. Qc7 Qe5 30. Rf7 g5 31. Rd7 Re8 32. Rf1 Qxc3 33. Rh7 Bg6 34.
Rh6 Qg7 35. Rxg6 Qxg6 36. Qxc6 Qe6 37. Qxb6 1-0

[Event "Druzynowe Mistrzostwa Polski Juniorow - Ekstraliga"]
[Site "Centrum Wypoczynkowo-Szkoleniowe Gwarek, Ustron"]
[Date "1899-12-30"]
[Round "5.18"]
[White "Kulpa, Zuzanna"]
[Black "Dwilewicz, Agata"]
[Result "1/2-1/2"]
[WhiteTitle "I"]
[BlackTitle "I"]
[WhiteElo "1589"]
[BlackElo "1659"]

1. d4 d5 2. c4 e6 3. Nf3 Nf6 4. Nbd2 c5 5. cxd5 exd5 6. g3 Nc6 7. dxc5 Bxc5 8.
Nb3 Bb6 9. Bg2 O-O 10. O-O Bf5 11. Nfd4 Bg6 12. a3 Rc8 13. Bf4 Nh5 14. Be3 Ne5
15. Bd2 Nc4 16. Bc3 Nf6 17. e3 Re8 18. Ne2 Ne4 19. Bd4 Kh8 20. Nf4 Rc6 21. Nxd5
Rd6 22. Nxb6 axb6 23. Qe2 Na5 24. Nxa5 bxa5 25. Rac1 Nxg3 26. Bxg7+ Kxg7 27. hxg3
Bd3 28. Qg4+ Rg6 29. Qa4 Bxf1 30. Rxf1 b6 31. Rd1 Qb8 32. Qd4+ Qe5 33. Qa4 Rc8
34. Qb3 Rc7 35. Bf1 Qe6 36. Qb5 Rc5 37. Qd3 Rc6 38. Bg2 Rd6 39. Qc3+ Rf6 40. Rc1
Qf5 41. Rf1 Rd3 42. Qc4 b5 43. Qc7 Rd2 44. e4 Qd7 45. Qxa5 Qd4 46. Qc3 Qxc3 47.
bxc3 Ra2 48. e5 Ra6 49. Rb1 R2xa3 50. Rxb5 Rxc3 51. Bd5 Rd3 52. Bc4 Rc3 53. Bd5
Rc7 54. Kg2 Re7 55. Bc4 Rc6 56. Bb3 Rc3 57. Bd1 Rd3 58. Bc2 Rd2 59. Be4 Re2 60.
Kf3 Re1 61. Kf4 f6 62. exf6+ Kxf6 63. Rb6+ Kg7 64. f3 Rf7+ 65. Kg5 Rh1 66. f4
Rg1 67. g4 Rf1 1/2-1/2

[Event "Druzynowe Mistrzostwa Polski Juniorow - Ekstraliga"]
[Site "Centrum Wypoczynkowo-Szkoleniowe Gwarek, Ustron"]
[Date "1899-12-30"]
[Round "5.19"]
[White "Wisniewski, Michal"]
[Black "Niekras, Dawid"]
[Result "1-0"]
[WhiteTitle "k"]
[BlackTitle "k"]
[WhiteElo "2140"]
[BlackElo "2276"]

1. e4 c5 2. Nf3 g6 3. c4 Nc6 4. d4 cxd4 5. Nxd4 Nf6 6. Nc3 d6 7. Be2 Nxd4 8. Qxd4
Bg7 9. Be3 O-O 10. Qd2 a5 11. O-O a4 12. Rab1 Be6 13. f3 Qa5 14. b4 axb3 15. axb3
Qb4 16. Qd3 Ng4 17. Bd4 Ne5 18. Qe3 Nc6 19. Bxg7 Kxg7 20. Na4 f5 21. Bd3 f4 22.
Qf2 Ne5 23. Rfd1 Ra5 24. Bf1 Kg8 25. Qb2 Bd7 26. Nc3 Bc6 27. Ne2 g5 28. Nd4 Bd7
29. Nc2 Qb6+ 30. Kh1 Rfa8 31. Qc3 Qc7 32. b4 Ra4 33. c5 b6 34. Qb3+ Kf8 35. cxd6
exd6 36. Nd4 Ke7 37. Qd5 R4a7 38. Rbc1 Qb8 39. Nf5+ Bxf5 40. exf5 Nf7 41. Bc4
Kf8 42. Qd4 Qd8 43. Bd5 Rb8 44. Bxf7 Kxf7 45. Rc6 Rd7 46. Rxd6 Rxd6 47. Qxd6 Qxd6
48. Rxd6 Re8 49. h4 Re5 50. Rxb6 Rxf5 51. h5 Rd5 52. Kh2 Rd2 53. Kh3 Rb2 54. b5
h6 55. Rxh6 Rxb5 56. Rg6 Rc5 57. Rb6 Kg7 58. h6+ Kh7 59. Kg4 Rc2 60. Kh5 g4 61.
Rb7+ Kh8 62. fxg4 Rxg2 63. g5 f3 64. Kg6 1-0

[Event "Druzynowe Mistrzostwa Polski Juniorow - Ekstraliga"]
[Site "Centrum Wypoczynkowo-Szkoleniowe Gwarek, Ustron"]
[Date "1899-12-30"]
[Round "5.20"]
[White "Mirski, Michal"]
[Black "Kowalczyk, Mariusz"]
[Result "0-1"]
[WhiteTitle "I"]
[BlackTitle "I++"]
[WhiteElo "1922"]
[BlackElo "2174"]

1. e4 e5 2. Nf3 Nc6 3. Bc4 Bc5 4. d3 Nf6 5. O-O d6 6. c3 Bb6 7. Bb3 Qe7 8. Nbd2
h6 9. Nc4 Na5 10. Ba4+ Bd7 11. Bxd7+ Nxd7 12. Ne3 Bxe3 13. Bxe3 O-O 14. h3 Kh7
15. Nh2 f5 16. exf5 Rxf5 17. Qg4 Rff8 18. Qb4 b6 19. Ng4 Nf6 20. Nxf6+ Qxf6 21.
Rae1 Qg6 22. d4 exd4 23. cxd4 d5 24. b3 Rac8 25. Rc1 Qe4 26. Rxc7 Rxc7 27. Qxf8
Rc2 28. Qa3 Nc6 29. Rd1 a5 30. Qd6 b5 31. a3 a4 32. bxa4 bxa4 33. Kh2 Rc4 34.
Qd7 Nxd4 35. Bxd4 Rxd4 36. Rxd4 Qxd4 37. Qf5+ Kg8 38. Qe6+ Kf8 39. Qd6+ Kf7 40.
Qd7+ Kf6 41. Qd6+ Kf5 42. g4+ Ke4 43. Kg2 Kd3 44. f4 Qe4+ 45. Kg3 Ke3 46. Qc5+
d4 47. Qc1+ Ke2 48. Qb2+ Kd1 49. Qa1+ Kc2 50. Qa2+ Kc3 51. f5 Qe1+ 52. Kf3 d3
53. Qf7 Qe2+ 54. Kf4 Qf2+ 55. Ke5 Qd4+ 56. Ke6 d2 57. Qc7+ Qc4+ 58. Qxc4+ Kxc4
59. Kf7 d1=Q 60. Kxg7 Qf3 61. Kxh6 Qxh3+ 62. Kg5 Kd5 0-1